| 000 | 00505 a2200181 4500 | ||
|---|---|---|---|
| 020 | _a0763704814 | ||
| 040 |
_aDLC _bDLC |
||
| 082 | 0 | 0 | _a005.73 |
| 100 | 1 | _aDale, Nell B. | |
| 245 | 1 | 0 |
_aC++ plus data structures _cNell Dale. |
| 250 | _a3rd ed. | ||
| 260 |
_aBoston, MA : _bJones and Bartlett, _c2003. |
||
| 300 |
_axvi, 816 p. : _bill. ; _c24 cm. |
||
| 500 | _aIncludes index. | ||
| 650 | 0 | _aC++ (Computer program language) | |
| 650 | 0 | _aData structures (Computer science) | |
| 942 |
_cBK _k005.73 DAL _2ddc |
||
| 999 |
_c9399 _d9399 |
||